00301nam a2200121Ia 4500008004100000100004600041245001900087260002500106300000800131650001600139942000700155999001700162190216s9999||||xx |||||||||||||| ||und|| aNarayanan S And Manicavachagom Pillay T K 0aCalculus Vol I bS Vishwanathanc2000 a429 aMathematics cBK c31932d31932